000 00749nam a2200253Ia 4500
003 OSt
005 20221005050523.0
006 a|||||r|||| 00| 0
007 ta
008 221004b |||||||| |||| 00| 0 hin d
024 _a50044
037 _cTextual
040 _aCRL
_cCRL
_bhin
041 _2hin
_ahin
082 _aO:g, 152H8
100 _aVidyabhaskar Vedantratan
_9594824
245 0 _aSahitya Mimansa
_b Sahitya ki pramukh vidhaoan ka marmik vivechan
260 _aLahore
_bHindi Bhawan India
_c1948
300 _a365p.
_ccm.
650 _aENGLISH LITERATURE
700 _a Surya Kant Shastri
_9594825
942 _hO:g, 152H8
_cTEXL
_2cc
999 _c957198
_d957198